000 00249nam a22001217a 4500
008 181029b xxu||||| |||| 00| 0 eng d
041 _aeng
080 _a591
100 _a7
101 _aZOO
245 _aAnimal Life
_cBurton, R
942 _2udc
_cBK
999 _c51053
_d51053